Score 0/20 Timer 04:00
2 Plays Today
% Correct
Correct! This is Gerhard Richter's 'Woods'.
86.2%
Correct! This is Sam Francis' 'Helio'.
77.1%
Correct! This is Cy Twombly's 'Fifty Days at Iliam. Ilians in Battle'.
76.1%
Correct! This is Willem de Kooning's 'Composition'.
73.5%
Correct! This is Cy Twombly's 'Untitled'.
71.6%
Correct! This piece was created by a toddler.
70.3%
Correct! This piece was created by a toddler.
66.6%
Correct! This is Willem De Kooning's 'A Tree in Naples'.
63%
Correct! This is Olivier Debre's 'Composition bleue, taches rouge et jaune'.
62.5%
Correct! This piece was created by a toddler
60.7%
% Correct
Correct! This piece was created by a toddler.
59.8%
Correct! This piece was created by a toddler.
59.7%
Correct! This is Hans Hoffman's 'Laburnum'.
58.8%
Correct! This piece was created by a toddler.
54.6%
Correct! This is Willem de 'Kooning's Untitled XX'.
52.9%
Correct! This is Cy Twombly's 'Ferragosto IV'.
51.1%
Correct! This piece was created by a toddler.
39.8%
Correct! This is Sam Gilliam's 'Coffee Thyme'.
39.1%
Correct! This piece was created by a toddler
33.4%
Correct! This piece was created by a toddler.
31.1%
Remove Ads.
Support Sporcle.
Get the best of Sporcle when you Go Orange. This ad-free experience offers more features, more stats, and more fun while also helping to support Sporcle. Thank you for becoming a member.

You're not logged in!

Compare scores with friends on all Sporcle quizzes.
OR
Log In

Show Comments

Extras

Top Quizzes Today


Score Distribution

Your Account Isn't Verified!

In order to create a playlist on Sporcle, you need to verify the email address you used during registration. Go to your Sporcle Settings to finish the process.

Report this User

Report this user for behavior that violates our Community Guidelines.

Details: